Statistics for Which Country...

Click here to take the quiz!

General Stats

  • This quiz has been taken 17 times
  • The average score is 11 of 15

Answer Stats

QuestionAnswer% Correct
Which Country is not a country...Twanzenia
100%
Which Country is the most populous...China
86%
Which Country is the biggest...Russia
86%
Which Country is the youngest...South Sudan
86%
Which Country has the most Olympic medals...USA
86%
Which Country is the smallest...Vatican City
86%
Which Country has no military...Costa Rica
79%
Which Country is in Africa...Sao Tome and Principe
79%
Which Country has the most Jetpunk usersUK
71%
Which Country has the most sports...Australia
64%
Which Country is the richest...USA
64%
Which Country had the biggest empire...UK
57%
Which Country is the happiest...Finland
50%
Which Country is the dirtiest...China
36%
Which Country has been attacked the most...India
29%

Score Distribution

Percentile by Number Answered

Percent of People with Each Score

Your Score History

You have not taken this quiz